A game of musical jobs (Record no. 80779)
[ view plain ]
| 000 -LEADER | |
|---|---|
| fixed length control field | 01127cab a22002055a 4500 |
| 001 - CONTROL NUMBER | |
| control field | L145332 |
| 008 - FIXED-LENGTH DATA ELEMENTS--GENERAL INFORMATION | |
| fixed length control field | 080930e20080919xxkdo f s 000 0 eng d |
| 035 ## - SYSTEM CONTROL NUMBER | |
| System control number | (Sirsi) u145332 |
| 041 0# - LANGUAGE CODE | |
| Language code of text/sound track or separate title | eng |
| 100 1# - MAIN ENTRY--PERSONAL NAME | |
| Personal name | Ray, Debika |
| 245 02 - TITLE STATEMENT | |
| Title | A game of musical jobs |
| 260 ## - PUBLICATION, DISTRIBUTION, ETC. | |
| Date of publication, distribution, etc. | 2008 |
| 490 #0 - SERIES STATEMENT | |
| Series statement | Building |
| Volume/sequential designation | 273(8547) 19 September 2008, 45-49(5) |
| 520 ## - SUMMARY, ETC. | |
| Summary, etc. | Discusses results from the 2008 "Hays Construction/Building" contractors' salaries guide. Reveals that due to the credit crunch, the amount of job seekers in the UK construction industry increased while the amount of jobs decreased. Explains that it results in salaries increasing much slower, by 2.1% this year compared to the 7.7% raise of last year. Salary tables show average pay for quantity surveyors, health and safety workers, site agents/foremen, planners, estimators, engineers, contract/project managers, and buyers. Salaries are broken down by UK region. |
| 590 ## - LOCAL NOTE (RLIN) | |
| Local note | KA |
| 650 24 - SUBJECT ADDED ENTRY--TOPICAL TERM | |
| Topical term or geographic name entry element | HAYS CONSTRUCTION/BUILDING CONTRACTORS' SALARIES GUIDE |
| 651 #4 - SUBJECT ADDED ENTRY--GEOGRAPHIC NAME | |
| Geographic name | United Kingdom |
| Chronological subdivision | |
| 690 ## - LOCAL SUBJECT ADDED ENTRY--TOPICAL TERM (OCLC, RLIN) | |
| Topical term or geographic name as entry element | CAREERS, EDUCATION AND TRAINING-SURVEYING APPOINTMENTS |
| 942 ## - ADDED ENTRY ELEMENTS (KOHA) | |
| Suppress in OPAC | 0 |
| Withdrawn status | Lost status | Source of classification or shelving scheme | Damaged status | Not for loan | Home library | Current library | Shelving location | Date acquired | Total Checkouts | Full call number | Barcode | Date last seen | Copy number | Price effective from | Koha item type |
|---|---|---|---|---|---|---|---|---|---|---|---|---|---|---|---|
| Dewey Decimal Classification | London | London | Journal article | 30/09/2008 | L145332 | 145332-1001 | 06/08/2019 | 1 | 06/08/2019 | Journal article |